|
|
|
|
| LEADER |
00655cam a2200229 7i4500 |
| 001 |
0000034887 |
| 005 |
20180313090000.0 |
| 007 |
##ta |
| 008 |
180313 |
| 020 |
# |
# |
|a 9789535129127
|
| 040 |
# |
# |
|a MATR
|
| 090 |
0 |
0 |
|a I 339.56
|b INT
|
| 245 |
0 |
0 |
|a International Trade :
|b On the Brink of Change
|c edited by Anita Macek.
|
| 264 |
# |
1 |
|a Rijeka, Croatia:
|b ExLi4EvA,
|c 2017.
|
| 300 |
# |
# |
|a 121 pages;
|c 23 cm.
|
| 336 |
# |
# |
|a text
|2 rdacontent
|
| 337 |
# |
# |
|a unmediated
|2 rdamedia
|
| 338 |
# |
# |
|a volume
|2 rdacarrier
|
| 650 |
# |
0 |
|a International trade
|
| 650 |
# |
0 |
|a Globalization
|
| 700 |
1 |
# |
|a Macek, Anita
|
| 999 |
|
|
|a 0000038731
|b Book
|c International
|e Business Information Centre
|